| 000 | 00655nam a22002297a 4500 | ||
|---|---|---|---|
| 005 | 20251108165320.0 | ||
| 008 | 250721s1994 xx 000 0 ara d | ||
| 082 | 1 | 4 | _a618.92/ستو |
| 100 | 1 |
_aستوبارد، ميريام _eمؤلف |
|
| 245 | 1 | 0 | _aالدليل الطبي للطفل / |
| 264 | 1 |
_aبيروت : _bأكاديميا، _c1994. |
|
| 300 | _a320ص. | ||
| 650 | 1 | 7 | _aالصحه |
| 650 | 1 | 7 | _aالرعايه الصحيه |
| 650 | 1 | 7 | _aالطب |
| 650 | 1 | 7 | _aالطب |
| 650 | 1 | 7 | _aالاطفال |
| 650 | 1 | 7 | _aامراض الاطفال |
| 700 | 1 |
_aالخنسا، هلا فلاح _eمترجم |
|
| 942 |
_2ddc _cBK |
||
| 999 |
_c24898 _d24898 |
||